000 00660nam a2200253Ia 4500
003 OSt
005 20220918215830.0
006 a|||||r|||| 00| 0
007 ta
008 220917b |||||||| |||| 00| 0 eng d
024 _a142,893
037 _cTextual
040 _aARTS
_cARTS
_beng
041 _2eng
_aeng
082 _aY15w2C, M0
100 _aVerma H N
_942775
245 0 _aEminent Indian women
260 _aNew Delhi
_bGreat Indian Publications
_c1980
300 _a177p
_ccm.
650 _aSOCIOLOGY
700 _a Verma Amrit
_942776
942 _hY15w2C, M0
_cTEXL
_2CC
999 _c265851
_d265851